[Event "San Francisco TNM Spring op"]
[Site "San Francisco"]
[Date "2011.04.12"]
[Round "5"]
[White "Standen, Julian"]
[Black "Davies, Daniel"]
[Result "0-1"]
[WhiteElo "1758"]
[BlackElo "1555"]
[PlyCount "88"]
[EventDate "2011.03.15"]
[EventType "swiss"]
[EventRounds "8"]
[EventCountry "USA"]
[SourceTitle "EXT 2012"]
[Source "ChessBase"]
[SourceDate "2011.11.24"]
[SourceVersion "1"]
[SourceVersionDate "2011.11.24"]
[SourceQuality "1"]

1. d4 Nf6 2. Nf3 e6 3. Bf4 d5 4. e3 c5 5. c3 Nc6 6. Nbd2 Be7 7. Bd3 0-0 8. Ne5 Nd7 9. Nxc6 bxc6 10. Nf3 a5 11. Ne5 Nxe5 12. Bxe5 Ba6 13. 0-0 f6 14. Bg3 Bxd3 15. Qxd3 c4 16. Qe2 Bd6 17. Bxd6 Qxd6 18. e4 e5 19. Rad1 Rad8 20. Rd2 Rfe8 21. Rfd1 exd4 22. Rxd4 Qe6 23. Qd2 f5 24. exd5 Rxd5 25. Rxd5 cxd5 26. Kf1 Kh8 27. Re1 Qxe1+ 28. Qxe1 Rxe1+ 29. Kxe1 Kg8 30. Kd2 Kf7 31. Ke3 Ke6 32. f4 a4 33. Kd4 Kd6 34. g3 h6 35. h3 h5 36. h4 Kc6 37. Ke5 Kc5 38. Kxf5 d4 39. cxd4+ Kxd4 40. Kg6 a3 41. Kxg7 axb2 42. f5 b1Q 43. f6 c3 44. f7 Qb7 0-1